| 000 | 01166nam a22002297a 4500 | ||
|---|---|---|---|
| 999 |
_c17510 _d17510 |
||
| 005 | 20251125232857.0 | ||
| 008 | s2531 th tha d | ||
| 040 | _aNALT | ||
| 041 | _atha | ||
| 100 | 0 | _aถวัลย์ สนธิอนุเคราะห์ | |
| 245 | 1 | 0 | _aพระราชบัญญัติการกีฬาแห่งประเทศไทย พ.ศ. 2528 / ถวัลย์ สนธิอนุเคราะห์ |
| 260 | 3 |
_aกรุงเทพฯ : _bฟิสิกส์เซ็นเตอร์, _c2531 |
|
| 300 |
_a75 หน้า : _b ภาพประกอบ, ตาราง ; _c 26 ซม. |
||
| 650 | 0 | 4 | _aการกีฬาแห่งประเทศไทย (ข้อบังคับ) |
| 650 | 0 | 4 | _aการกีฬาแห่งประเทศไทย (พ.ร.บ.) -- 2528 |
| 700 | 0 | _aถวัลย์ สนธิอนุเคราะห์ | |
| 850 | _aNALT | ||
| 856 | 4 | 0 |
_uhttps://hdl.handle.net/20.500.14156/301486 _71 |
| 942 |
_cLB _2lcc |
||
| 998 |
_j25 _k นีลวัสน์ อินทรักษา |
||
| 090 | _aKM211.S6.3 ถ267พ 2531 | ||